000 00299nam a22001337a 4500
008 170830b xxu||||| |||| 00| 0 eng d
020 _a2900534647185
041 _aeng
080 _28 ED
_a070
100 _a39
101 _aMED
245 _aMASS MEDIA RESEARCH
_c WIMMER.R.D
942 _2udc
_cBK
999 _c25491
_d25491